[Event "BCF-chT3E 2223 (4NCL)"]
[Site "England"]
[Date "2023.02.12"]
[Round "6.24"]
[White "White, Nigel"]
[Black "Heaven, Peter"]
[Result "0-1"]
[WhiteElo "2094"]
[BlackElo "1942"]
[PlyCount "92"]
[EventDate "2022.11.05"]
[EventType "team-tourn"]
[EventRounds "11"]
[EventCountry "ENG"]
[SourceTitle "EXT 2024"]
[Source "ChessBase"]
[SourceDate "2023.10.10"]
[SourceVersion "1"]
[SourceVersionDate "2023.10.10"]
[SourceQuality "1"]
[WhiteTeam "Guildford Castles"]
[BlackTeam "Rhyfelwyr Essyllwg"]
[WhiteTeamCountry "ENG"]
[BlackTeamCountry "ENG"]

1. e4 c5 2. Nf3 d6 3. d4 cxd4 4. Nxd4 e5 5. Nb5 a6 6. N5c3 Nf6 7. Bg5 Be7 8. Bxf6 Bxf6 9. Nd5 Nc6 10. Nbc3 0-0 11. a4 Be6 12. Bc4 Nb4 13. 0-0 Nxd5 14. Bxd5 Qc7 15. Qd3 Rac8 16. Rfd1 Rfd8 17. Ra3 Bxd5 18. Qxd5 Qc4 19. Rb3 Qxd5 20. Rxd5 Rd7 21. Kf1 Bd8 22. Ke2 g6 23. Kd3 Kf8 24. g3 Ke7 25. Nd1 Ke6 26. h4 f5 27. f3 Rc6 28. c4 h5 29. exf5+ gxf5 30. Ne3 Rg7 31. g4 hxg4 32. fxg4 fxg4 33. h5 g3 34. Ng2 Rh7 35. Ke2 Rxc4 36. Rd2 Bg5 37. Rdd3 Bf4 38. Rb6 Rc6 39. Rdb3 Rxb6 40. Rxb6 Rxh5 41. Rxb7 Rh1 42. b4 Rb1 43. Rb6 Rb2+ 44. Kf1 Rf2+ 45. Kg1 Ra2 46. Rxa6 Ra1+ 0-1

[Event "BCF-chT3Sa 1920 (4NCL)"]
[Site "England"]
[Date "2019.11.10"]
[Round "2.23"]
[White "Heaven, Peter"]
[Black "Frostick, Clive A"]
[Result "1/2-1/2"]
[WhiteElo "1995"]
[BlackElo "2091"]
[PlyCount "25"]
[EventDate "2019.11.09"]
[EventType "team-tourn"]
[EventRounds "11"]
[EventCountry "ENG"]
[SourceTitle "EXT 2023"]
[Source "ChessBase"]
[SourceDate "2022.10.05"]
[SourceVersion "1"]
[SourceVersionDate "2022.10.05"]
[SourceQuality "1"]
[WhiteTeam "Rhyfelwyr Essyllwg"]
[BlackTeam "CSC"]
[WhiteTeamCountry "WLS"]
[BlackTeamCountry "ENG"]

1. e4 c5 2. Nf3 Nf6 3. Nc3 Nc6 4. d4 d5 5. exd5 Nxd5 6. Bc4 Nxc3 7. bxc3 e6 8. 0-0 Be7 9. Qe2 0-0 10. Rd1 Qc7 11. Qe4 cxd4 12. Bf4 Qa5 13. cxd4 1/2-1/2

[Event "WLS-ch 65th"]
[Site "Cardiff"]
[Date "2019.04.22"]
[Round "6"]
[White "Jameson, David"]
[Black "Heaven, Peter"]
[Result "1-0"]
[WhiteElo "2081"]
[BlackElo "2017"]
[PlyCount "55"]
[EventDate "2019.04.19"]
[EventType "swiss"]
[EventRounds "7"]
[EventCountry "WLS"]
[SourceTitle "CBM 189 Extra"]
[Source "ChessBase"]
[SourceDate "2019.06.03"]
[SourceVersion "1"]
[SourceVersionDate "2019.06.03"]
[SourceQuality "1"]

1. c3 c5 2. d4 e6 3. Nf3 d5 4. Bf4 Nc6 5. e3 Nf6 6. Nbd2 Nh5 7. Bg5 Be7 8. Bxe7 Qxe7 9. Bd3 Nf6 10. 0-0 0-0 11. Ne5 Nxe5 12. dxe5 Nd7 13. f4 f6 14. exf6 Nxf6 15. Nf3 Bd7 16. Ne5 Bc6 17. Qf3 c4 18. Bc2 Qc5 19. Qh3 Rae8 20. Rad1 Ne4 21. Rd4 b5 22. Rfd1 Re7 23. g4 Qb6 24. Bxe4 dxe4 25. Rd6 Rc8 26. g5 Qb7 27. Nxc6 Rxc6 28. Rd8+ 1-0

[Event "EU-Cup 34th"]
[Site "Porto Carras"]
[Date "2018.10.16"]
[Round "5.2"]
[White "Heaven, Peter"]
[Black "Kjartansson, David"]
[Result "0-1"]
[WhiteElo "2041"]
[BlackElo "2404"]
[PlyCount "64"]
[EventDate "2018.10.12"]
[EventType "team-swiss"]
[EventRounds "7"]
[EventCountry "GRE"]
[SourceTitle "CBM 187"]
[Source "ChessBase"]
[SourceDate "2018.12.11"]
[SourceVersion "1"]
[SourceVersionDate "2018.12.11"]
[SourceQuality "1"]
[WhiteTeam "White Knights"]
[BlackTeam "Viking CC"]
[WhiteTeamCountry "WLS"]
[BlackTeamCountry "ISL"]

1. e4 c5 2. Nf3 d6 3. d4 cxd4 4. Nxd4 Nf6 5. Nc3 g6 6. Be2 Bg7 7. Be3 0-0 8. 0-0 Nc6 9. Nb3 a6 10. a4 Be6 11. f4 Rc8 12. f5 Bxb3 13. cxb3 Ne5 14. g4 Rxc3 15. bxc3 Nxe4 16. Bd4 Qc7 17. Rc1 Bh6 18. Rc2 Nc5 19. Bxe5 dxe5 20. Bc4 Bf4 21. Qe2 g5 22. Rd1 Nxb3 23. h4 gxh4 24. g5 Rc8 25. Bxf7+ Kxf7 26. Qh5+ Kg8 27. f6 Qc5+ 28. Kh1 Rf8 29. Qh6 exf6 30. Rd7 Qc6+ 31. Rg2 Qxd7 32. gxf6+ Bg3 0-1

[Event "EU-Cup 34th"]
[Site "Porto Carras"]
[Date "2018.10.15"]
[Round "4.3"]
[White "Heaven, Peter"]
[Black "Lyons, Brendan"]
[Result "1-0"]
[WhiteElo "2041"]
[BlackElo "1961"]
[PlyCount "80"]
[EventDate "2018.10.12"]
[EventType "team-swiss"]
[EventRounds "7"]
[EventCountry "GRE"]
[SourceTitle "CBM 187"]
[Source "ChessBase"]
[SourceDate "2018.12.11"]
[SourceVersion "1"]
[SourceVersionDate "2018.12.11"]
[SourceQuality "1"]
[WhiteTeam "White Knights"]
[BlackTeam "St Benildus"]
[WhiteTeamCountry "WLS"]
[BlackTeamCountry "IRL"]

1. e4 d5 2. exd5 Nf6 3. d4 Bg4 4. Bb5+ Nbd7 5. Be2 Bxe2 6. Qxe2 Nxd5 7. c4 N5f6 8. Nf3 g6 9. 0-0 c6 10. Nc3 Nb6 11. Bg5 Bg7 12. Rfe1 Nc8 13. Rad1 0-0 14. Ne5 Nd7 15. Nxd7 Qxd7 16. d5 f6 17. Bf4 cxd5 18. Nxd5 Kh8 19. Nxe7 Qe8 20. Nd5 Qxe2 21. Rxe2 g5 22. Nc7 gxf4 23. Nxa8 f5 24. Nc7 Bf6 25. Ne6 Rg8 26. Nxf4 Bg5 27. Nd5 Rd8 28. Nc3 Rf8 29. c5 f4 30. Rd7 b5 31. Nxb5 Bf6 32. h3 Rg8 33. Kf1 a6 34. Nd6 Nxd6 35. Rxd6 Bd8 36. Rxa6 f3 37. gxf3 Bc7 38. Rae6 Bh2 39. Re8 Kg7 40. Rxg8+ Kxg8 1-0

[Event "South Wales op 15th"]
[Site "Cardiff"]
[Date "2018.07.12"]
[Round "9"]
[White "De Verdier, Michael Carl Adam"]
[Black "Heaven, Peter"]
[Result "1-0"]
[WhiteElo "2298"]
[BlackElo "2059"]
[PlyCount "85"]
[EventDate "2018.07.07"]
[EventType "swiss"]
[EventRounds "9"]
[EventCountry "WLS"]
[SourceTitle "EXT 2019"]
[Source "ChessBase"]
[SourceDate "2018.10.10"]
[SourceVersion "1"]
[SourceVersionDate "2018.10.10"]
[SourceQuality "1"]

1. c4 e5 2. g3 Nf6 3. Bg2 d5 4. cxd5 Nxd5 5. Nf3 Nc6 6. 0-0 Nb6 7. Nc3 Be7 8. d3 0-0 9. Be3 Be6 10. a4 a5 11. Rc1 Nd5 12. Nxd5 Bxd5 13. Qc2 Rc8 14. Bh3 f5 15. Nd2 Nb4 16. Qd1 Ra8 17. f3 Bd6 18. Bf2 Be6 19. Nc4 Qe7 20. Bg2 Nd5 21. d4 exd4 22. Nxd6 cxd6 23. Qxd4 f4 24. Rfd1 Qg5 25. h4 Qe5 26. Qxe5 dxe5 27. Rc5 Rfd8 28. Rb5 Rd7 29. Bh3 Kf7 30. Bxe6+ Kxe6 31. gxf4 exf4 32. Rd4 g5 33. hxg5 Rg8 34. Re4+ Kd6 35. Kf1 Rxg5 36. Rxf4 Rc7 37. Rd4 Rc1+ 38. Be1 Kc6 39. Kf2 Rc2 40. Bd2 Rh5 41. Kg3 Nf6 42. Bc3 Nd5 43. Rc4+ 1-0

[Event "WLS-ch 64th"]
[Site "Cardiff"]
[Date "2018.04.02"]
[Round "7"]
[White "Heaven, Peter"]
[Black "Kett, Timothy"]
[Result "1/2-1/2"]
[WhiteElo "2022"]
[BlackElo "2231"]
[PlyCount "40"]
[EventDate "2018.03.30"]
[EventType "swiss"]
[EventRounds "7"]
[EventCountry "WLS"]
[SourceTitle "CBM 183 Extra"]
[Source "ChessBase"]
[SourceDate "2018.04.19"]
[SourceVersion "1"]
[SourceVersionDate "2018.04.19"]
[SourceQuality "1"]

1. e4 e5 2. Nf3 Nc6 3. Bb5 g6 4. 0-0 Bg7 5. c3 Nge7 6. d4 exd4 7. cxd4 d5 8. exd5 Nxd5 9. Bg5 Qd6 10. Re1+ Be6 11. Nc3 Nxc3 12. bxc3 0-0 13. Qd2 a6 14. Bxc6 Qxc6 15. Bh6 Rad8 16. Bxg7 Kxg7 17. Ne5 Qd6 18. Re4 c5 19. Rh4 h5 20. Rxh5 gxh5 1/2-1/2

[Event "WLS-ch 64th"]
[Site "Cardiff"]
[Date "2018.04.02"]
[Round "6"]
[White "Pleasants, Allan J"]
[Black "Heaven, Peter"]
[Result "1/2-1/2"]
[WhiteElo "2114"]
[BlackElo "2022"]
[PlyCount "28"]
[EventDate "2018.03.30"]
[EventType "swiss"]
[EventRounds "7"]
[EventCountry "WLS"]
[SourceTitle "CBM 183 Extra"]
[Source "ChessBase"]
[SourceDate "2018.04.19"]
[SourceVersion "1"]
[SourceVersionDate "2018.04.19"]
[SourceQuality "1"]

1. e4 c5 2. Nf3 Nc6 3. c3 d5 4. exd5 Qxd5 5. d4 Bf5 6. Na3 cxd4 7. cxd4 e6 8. Bc4 Qe4+ 9. Be3 Bb4+ 10. Kf1 Nf6 11. Nb5 0-0 12. a3 a6 13. Ng5 Qh4 14. Nf3 Qe4 1/2-1/2

[Event "WLS-ch 64th"]
[Site "Cardiff"]
[Date "2018.03.30"]
[Round "2"]
[White "Heaven, Peter"]
[Black "Smith, Lynda"]
[Result "1-0"]
[WhiteElo "2022"]
[BlackElo "1855"]
[PlyCount "101"]
[EventDate "2018.03.30"]
[EventType "swiss"]
[EventRounds "7"]
[EventCountry "WLS"]
[SourceTitle "CBM 183 Extra"]
[Source "ChessBase"]
[SourceDate "2018.04.19"]
[SourceVersion "1"]
[SourceVersionDate "2018.04.19"]
[SourceQuality "1"]

1. e4 c5 2. Nf3 g6 3. d4 cxd4 4. Nxd4 Nc6 5. Nc3 Bg7 6. Be3 Nf6 7. Be2 Qa5 8. Nb3 Qd8 9. 0-0 d6 10. h3 0-0 11. Qd2 Be6 12. f4 Rc8 13. Rad1 a6 14. Bf3 b5 15. Nd5 Bxd5 16. exd5 Nb8 17. Nd4 Nfd7 18. Qf2 Re8 19. Rfe1 Qc7 20. c3 Nc5 21. Ne2 Nbd7 22. Bd4 Nb6 23. Bxg7 Kxg7 24. Nd4 Ncd7 25. Nc6 Nf6 26. Nxe7 Rxe7 27. Rxe7 Qxe7 28. Qxb6 Rc5 29. Kf1 Ne4 30. Bxe4 Qxe4 31. Qxd6 Qc4+ 32. Kg1 Rc8 33. Qe5+ Kg8 34. d6 Qc6 35. f5 Re8 36. Qg3 Qc5+ 37. Kh2 Qxf5 38. d7 Rd8 39. Qc7 Qf6 40. b3 g5 41. c4 bxc4 42. bxc4 Kf8 43. c5 g4 44. hxg4 Qh6+ 45. Kg1 Qe3+ 46. Kf1 Qg5 47. Qd6+ Kg8 48. c6 Qb5+ 49. Kg1 Qb6+ 50. Kh1 Qf2 51. c7 1-0

[Event "BCF-chT3Sa 1718 (4NCL)"]
[Site "England"]
[Date "2018.01.13"]
[Round "3.12"]
[White "Brozel, Sacha"]
[Black "Heaven, Peter"]
[Result "0-1"]
[WhiteElo "2164"]
[BlackElo "2005"]
[PlyCount "84"]
[EventDate "2017.11.11"]
[EventType "team-tourn"]
[EventRounds "11"]
[EventCountry "ENG"]
[SourceTitle "EXT 2020"]
[Source "ChessBase"]
[SourceDate "2019.10.17"]
[SourceVersion "1"]
[SourceVersionDate "2019.10.17"]
[SourceQuality "1"]
[WhiteTeam "Barnet Knights"]
[BlackTeam "Rhyfelwyr Essyllwg"]
[WhiteTeamCountry "ENG"]
[BlackTeamCountry "WLS"]

1. c4 e5 2. g3 Nf6 3. Bg2 d5 4. cxd5 Nxd5 5. Nc3 Nb6 6. Nf3 Nc6 7. 0-0 Be7 8. a3 a5 9. d3 0-0 10. Be3 Be6 11. Bxb6 cxb6 12. Qd2 a4 13. Rad1 Bb3 14. Rc1 Qd7 15. Qe3 Bc5 16. Qg5 f6 17. Qh4 Be7 18. Nd2 f5 19. Qh3 Be6 20. Nc4 Bc5 21. Qh5 Bf7 22. Qh4 Rfe8 23. Rcd1 Nd4 24. e3 Nc6 25. Qh3 Be6 26. Bxc6 bxc6 27. Nxe5 Qc7 28. d4 f4 29. Qh5 Bb3 30. Rc1 fxe3 31. dxc5 Rxe5 32. cxb6 Qe7 33. Qg4 h5 34. Qg6 Re6 35. Qxh5 Rh6 36. Qe2 Qe6 37. Rfe1 Bc4 38. Qc2 Bb3 39. Qe2 Bc4 40. Qf3 Rf8 41. b7 Rxf3 42. b8Q+ Rf8 0-1

[Event "BCF-chT3Sa 1718 (4NCL)"]
[Site "England"]
[Date "2017.11.12"]
[Round "2.43"]
[White "Heaven, Peter"]
[Black "Balloglu, Piro"]
[Result "1-0"]
[WhiteElo "2005"]
[BlackElo "1996"]
[PlyCount "59"]
[EventDate "2017.11.11"]
[EventType "team-tourn"]
[EventRounds "11"]
[EventCountry "ENG"]
[SourceTitle "EXT 2020"]
[Source "ChessBase"]
[SourceDate "2019.10.17"]
[SourceVersion "1"]
[SourceVersionDate "2019.10.17"]
[SourceQuality "1"]
[WhiteTeam "Rhyfelwyr Essyllwg"]
[BlackTeam "Hackney"]
[WhiteTeamCountry "WLS"]
[BlackTeamCountry "ENG"]

1. e4 e5 2. Nf3 Nc6 3. Bb5 Nf6 4. 0-0 Nxe4 5. d4 Nd6 6. Bxc6 dxc6 7. dxe5 Nf5 8. Qe2 Nd4 9. Nxd4 Qxd4 10. h3 Be7 11. Rd1 Qh4 12. Be3 g5 13. f3 h5 14. Rd4 g4 15. Bf2 Qg5 16. f4 Qg6 17. e6 Bxe6 18. h4 g3 19. Be3 Bf6 20. f5 Qxf5 21. Rf4 Qg6 22. Nd2 0-0-0 23. Nb3 Bg5 24. Qf1 Bxh4 25. Rxf7 Kb8 26. Nc5 Bc8 27. Qf4 Rd6 28. Ne4 Rd5 29. Qxc7+ Ka8 30. Bf4 1-0

[Event "South Wales op 14th"]
[Site "Cardiff"]
[Date "2017.07.14"]
[Round "10"]
[White "Menadue, Jeremy FS"]
[Black "Heaven, Peter"]
[Result "1/2-1/2"]
[WhiteElo "2046"]
[BlackElo "2010"]
[PlyCount "41"]
[EventDate "2017.07.08"]
[EventType "swiss"]
[EventRounds "10"]
[EventCountry "WLS"]
[SourceTitle "EXT 2018"]
[Source "ChessBase"]
[SourceDate "2017.10.13"]
[SourceVersion "1"]
[SourceVersionDate "2017.10.13"]
[SourceQuality "1"]

1. d4 Nf6 2. c4 e6 3. Nc3 Bb4 4. Nf3 c5 5. g3 cxd4 6. Nxd4 Ne4 7. Qd3 Bxc3+ 8. bxc3 Nc5 9. Qf3 d6 10. Bg2 Bd7 11. 0-0 Bc6 12. Nxc6 Nxc6 13. Rd1 Ne5 14. Qf4 0-0 15. Ba3 Qc7 16. Rab1 Rab8 17. Rb5 b6 18. h4 Rfd8 19. Qd4 Rbc8 20. h5 h6 21. Qf4 1/2-1/2

[Event "South Wales op 14th"]
[Site "Cardiff"]
[Date "2017.07.10"]
[Round "4"]
[White "James, Dai"]
[Black "Heaven, Peter"]
[Result "1/2-1/2"]
[WhiteElo "1832"]
[BlackElo "2010"]
[PlyCount "57"]
[EventDate "2017.07.08"]
[EventType "swiss"]
[EventRounds "10"]
[EventCountry "WLS"]
[SourceTitle "EXT 2018"]
[Source "ChessBase"]
[SourceDate "2017.10.13"]
[SourceVersion "1"]
[SourceVersionDate "2017.10.13"]
[SourceQuality "1"]

1. f4 d5 2. Nf3 Nf6 3. g3 g6 4. Bg2 Bg7 5. 0-0 c5 6. c3 0-0 7. d3 Nc6 8. e3 Rb8 9. Qe2 b5 10. e4 dxe4 11. dxe4 Be6 12. Nbd2 b4 13. Ng5 Bg4 14. Qf2 bxc3 15. bxc3 h6 16. Ngf3 Nd7 17. e5 Qc7 18. Ne4 Nd8 19. Be3 Ne6 20. h3 Bxf3 21. Bxf3 f5 22. Nd2 Nb6 23. Nb3 Rbc8 24. Rfd1 Kh7 25. Qe2 Rfd8 26. g4 c4 27. Nd4 Nxd4 28. Bxd4 e6 29. Qf2 1/2-1/2

[Event "BCF-chT3S 1617 (4NCL) Demotion pool"]
[Site "England"]
[Date "2017.05.01"]
[Round "11.62"]
[White "Forster, Matthew"]
[Black "Heaven, Peter"]
[Result "1/2-1/2"]
[WhiteElo "1982"]
[BlackElo "2022"]
[PlyCount "71"]
[EventDate "2016.11.26"]
[EventType "team-tourn"]
[EventRounds "11"]
[EventCountry "ENG"]
[SourceTitle "EXT 2019"]
[Source "ChessBase"]
[SourceDate "2018.10.10"]
[SourceVersion "1"]
[SourceVersionDate "2018.10.10"]
[SourceQuality "1"]
[WhiteTeam "Sussex Martlets II"]
[BlackTeam "Rhyfelwyr Essyllwg"]
[WhiteTeamCountry "ENG"]
[BlackTeamCountry "WLS"]

1. c4 e5 2. g3 Nf6 3. Bg2 Nc6 4. Nc3 Bc5 5. d3 d6 6. Nf3 0-0 7. 0-0 h6 8. a3 a5 9. e3 Bg4 10. h3 Bd7 11. d4 exd4 12. exd4 Bb6 13. Be3 Ne7 14. b4 Nf5 15. c5 Ba7 16. Bf4 Nh5 17. Bc1 Nf6 18. g4 Ne7 19. cxd6 cxd6 20. Bf4 Bb8 21. Qd2 Ned5 22. Nxd5 Nxd5 23. Bg3 Bb5 24. Rfe1 axb4 25. axb4 Rxa1 26. Rxa1 Bc6 27. Rb1 Nf6 28. Bh4 Be4 29. Re1 d5 30. g5 hxg5 31. Bxg5 Qd6 32. h4 Nh5 33. Ra1 f6 34. Be3 Qe6 35. Kf1 Qg4 36. Qd1 1/2-1/2

[Event "WLS-ch 63rd"]
[Site "Cardiff"]
[Date "2017.04.14"]
[Round "2"]
[White "Sivarajasingam, Venetia"]
[Black "Heaven, Peter"]
[Result "0-1"]
[WhiteElo "1704"]
[BlackElo "2022"]
[PlyCount "86"]
[EventDate "2017.04.14"]
[EventType "swiss"]
[EventRounds "7"]
[EventCountry "WLS"]
[SourceTitle "CBM 177 Extra"]
[Source "ChessBase"]
[SourceDate "2017.04.27"]
[SourceVersion "1"]
[SourceVersionDate "2017.04.27"]
[SourceQuality "1"]

1. e4 c5 2. Nf3 d6 3. Bb5+ Nd7 4. d4 cxd4 5. Qxd4 a6 6. Bxd7+ Bxd7 7. c4 Rc8 8. Nc3 e5 9. Qd3 Qc7 10. b3 b5 11. Nd5 Qc6 12. Nd2 Ne7 13. 0-0 Nxd5 14. cxd5 Qb6 15. Bb2 Be7 16. Rac1 0-0 17. Qg3 f5 18. Kh1 f4 19. Qd3 Qb7 20. Rxc8 Rxc8 21. Rc1 Rxc1+ 22. Bxc1 Qc7 23. Bb2 Qc5 24. Kg1 Bd8 25. Qc3 Qa7 26. Nf3 Bb6 27. Qd2 h6 28. Ba3 Bc5 29. Bxc5 Qxc5 30. h3 b4 31. Ne1 Bb5 32. Nc2 a5 33. Ne1 Ba6 34. Nf3 Kf7 35. Kh2 g5 36. Kg1 Ke7 37. Kh2 Kd7 38. Kg1 Kc7 39. Kh2 Qc3 40. Kg1 Kb6 41. Qd1 Kc5 42. Nxe5 Qxe5 43. Qc2+ Qc3 0-1

[Event "WLS-chT 1617"]
[Site "Wales"]
[Date "2017.03.12"]
[Round "3.9"]
[White "Heaven, Peter"]
[Black "Gibbons, Andrew"]
[Result "1/2-1/2"]
[WhiteElo "2023"]
[BlackElo "1946"]
[PlyCount "73"]
[EventDate "2016.10.02"]
[EventType "team-tourn"]
[EventRounds "5"]
[EventCountry "WLS"]
[SourceTitle "EXT 2019"]
[Source "ChessBase"]
[SourceDate "2018.10.10"]
[SourceVersion "1"]
[SourceVersionDate "2018.10.10"]
[SourceQuality "1"]
[WhiteTeam "The Vale"]
[BlackTeam "Nidum"]
[WhiteTeamCountry "WLS"]
[BlackTeamCountry "WLS"]

1. e4 c5 2. Nf3 Nc6 3. d4 cxd4 4. Nxd4 g6 5. Nc3 Bg7 6. Be3 Nf6 7. Bc4 0-0 8. 0-0 Nxe4 9. Bxf7+ Rxf7 10. Nxe4 Nxd4 11. Bxd4 d6 12. Bxg7 Kxg7 13. Qd4+ Kg8 14. Rfe1 Bf5 15. Ng5 Rf6 16. Qd5+ Kg7 17. Qxb7 Bd7 18. Qd5 Rb8 19. Ne4 Rf5 20. Qd4+ Kg8 21. Nc3 a5 22. a3 Rc8 23. Nd5 e5 24. Qd3 Bc6 25. Rad1 Qf8 26. f3 Qf7 27. Ne3 Rf6 28. Ng4 Qa7+ 29. Kh1 Re6 30. Qb3 Qe7 31. Ne3 Kg7 32. Nd5 Qf7 33. Re2 a4 34. Qb4 Bd7 35. Nb6 Rb8 36. Qa5 Bc6 37. Re3 1/2-1/2